01439nam a2200277 a 450000100090000000300090000900500170001800700090003500800410004402000150008504000220010010000380012224500950016026000530025530000410030850000670034950001840041650400320060050502750063265000440090765000440095165000450099565000400104065000440108070000370112400003841DO-SdBNP20160523122400.000003841150130s2009 dr abc 000 0 spa d a9803664107 aBPMSUbspacBPMSU1 aHernández Polanco, Juan Ricardo10aCiencias sociales 6 / cJuan Ricardo Hernández Polanco, Alejandro Hernández Grullón. aSanto Domingo :bActualidad Escolar 2000,c2009. a2v. : bil., mapas. retrs. ;c28 cm. aLa biblioteca posee v. 1. libro texto y v.2. Libro del maestro aEste libro ha sido realizado de acuerdo al curriculum vigente y aprobado como libro de texto por la SEE, bajo el no. 6096 de fecha 4 de julio 2006. Revisado y actualizado al 2009. aBibliografía : p. 154 p. 1 gUnidad 1--tColonización de América, África y Asia --gUnidad 2 --tColonización de la Hispaniola --gUnidad 3 --tLas revoluciones burguesas --gUnidad 4 --tEl movimiento antiesclavista en América --gUnidad 5 --tLa independencia de las colonias americanas. 4aCIENCIAS SOCIALESxEDUCACIÓN PRIMARIA 4aCIENCIAS SOCIALESxENSEÑANZA BÁSICA 4aCIENCIAS SOCIALESxESTUDIOS Y EJERCICIOS 4aCIENCIAS SOCIALESxLIBROS DE TEXTOS 4aCIENCIAS SOCIALESxENSEÑANZA PRIMARIA12aHernández Grullón, Alejandro